[Event "Mediterranean-ch U20"]
[Site "Chania"]
[Date "2010.09.01"]
[Round "1"]
[White "Pavlidis, Anastasios"]
[Black "Pericas Rechi, Marc"]
[Result "1-0"]
[WhiteElo "2359"]
[BlackElo "1662"]
[PlyCount "67"]
[EventDate "2010.09.01"]
[EventType "swiss"]
[EventRounds "9"]
[EventCountry "GRE"]
[SourceTitle "CBM 138 Extra"]
[Source "ChessBase"]
[SourceDate "2010.10.29"]
[SourceVersion "1"]
[SourceVersionDate "2010.10.29"]
[SourceQuality "1"]

1. d4 Nf6 2. c4 g6 3. Nc3 Bg7 4. e4 d6 5. Nf3 0-0 6. Be2 e5 7. Be3 Ng4 8. Bg5 f6 9. Bh4 g5 10. Bg3 Nh6 11. dxe5 dxe5 12. c5 Qxd1+ 13. Rxd1 Be6 14. h3 Nd7 15. Nd5 Nxc5 16. Nxc7 Rac8 17. Nxe6 Nxe6 18. b3 Nf7 19. Bc4 Nc5 20. Bd5 Rc7 21. 0-0 Kh8 22. Nd2 Nd6 23. f3 Nb5 24. Nb1 Nd4 25. Rxd4 exd4 26. Bxc7 f5 27. e5 Nd3 28. e6 Re8 29. Bd6 Bf6 30. Rd1 Nb2 31. Rd2 d3 32. e7 Rc8 33. Bf7 Bxe7 34. Be5+ 1-0